Statistics for Mario Kart: Super Circuit Tracks

Click here to take the quiz!

General Stats

  • This quiz has been taken 85 times
  • The average score is 16 of 20

Answer Stats

Cup% Correct
Rainbow Road
95%
Luigi Circuit
93%
Mario Circuit
93%
Peach Circuit
89%
Bowser Castle 1
86%
Bowser Castle 2
86%
Bowser Castle 3
86%
Bowser Castle 4
86%
Lakeside Park
84%
Riverside Park
82%
Sunset Wilds
82%
Cheese Land
81%
Sky Garden
79%
Boo Lake
77%
Shy Guy Beach
77%
Snow Land
77%
Ribbon Road
75%
Broken Pier
74%
Yoshi Desert
74%
Cheep-Cheep Island
70%

Score Distribution

Percentile by Number Answered

Percent of People with Each Score

Your Score History

You have not taken this quiz